[Event "It"]
[Site "Salona"]
[Date "1997.11.13"]
[Round "7"]
[White "Balinov, Ilija"]
[Black "Ward, Christian"]
[Result "0-1"]
[WhiteElo "2560"]
[BlackElo "2485"]
[PlyCount "108"]
[EventDate "1997.11.??"]

1. e4 c5 2. Nf3 d6 3. d4 cxd4 4. Nxd4 Nf6 5. Nc3 g6 6. Be2 Bg7 7. O-O O-O 8.
Re1 Nc6 9. Nb3 Be6 10. Bg5 a5 11. a4 h6 12. Bh4 Rc8 13. Bb5 Nb4 14. Nd4 Bc4 15.
b3 Bxb3 16. cxb3 Rxc3 17. Bc4 Nd7 18. Qd2 Rxc4 19. bxc4 Bxd4 20. Qxd4 g5 21.
Bg3 Nc2 22. Qd5 Qc8 23. h4 Nf6 24. Qxa5 Nxa1 25. hxg5 Nc2 26. gxf6 Nxe1 27.
fxe7 Re8 28. Bxd6 Qc6 29. Qe5 Qxc4 30. Qg3+ Kh7 31. Be5 f6 32. Bxf6 Qg8 33. Qh3
Qg6 34. e5 Nd3 35. Qd7 Nc5 36. Qc7 Ne4 37. Bh4 Qc6 38. Qd8 Qc1+ 39. Kh2 Qf4+
40. Kg1 Qc1+ 41. Kh2 Qc6 42. f3 Ng5 43. f4 Qxa4 44. Bg3 Ne4 45. Bh4 Nc5 46. g3
Qc6 47. f5 Ne4 48. f6 Kg6 49. Qd1 Nf2 50. Qb1+ Qe4 51. f7 Ng4+ 52. Kh3 Kxf7 53.
Qf1+ Kg8 54. Bf6 Nxe5 0-1

[Event "It"]
[Site "Salona"]
[Date "1997.11.13"]
[Round "7"]
[White "Nikolac, Jure"]
[Black "Ljubicic, Filip"]
[Result "1-0"]
[WhiteElo "2470"]
[BlackElo "2395"]
[PlyCount "59"]
[EventDate "1997.11.??"]

1. d4 Nf6 2. Nf3 g6 3. Bg5 Ne4 4. Bh4 d5 5. e3 Bg7 6. c4 c5 7. Nc3 Nxc3 8. bxc3
Nc6 9. Be2 O-O 10. O-O dxc4 11. Bxc4 Qa5 12. d5 b5 13. Bd3 c4 14. dxc6 cxd3 15.
Qxd3 Be6 16. Bxe7 Rfc8 17. Qe4 Qc7 18. Bc5 Bf5 19. Qh4 Qxc6 20. Bd4 f6 21. Rfe1
a5 22. e4 Bd7 23. e5 Ra6 24. exf6 Bxf6 25. Qh6 Bxd4 26. Re7 Bxf2+ 27. Kh1 Qf6
28. Qxh7+ Kf8 29. Rxd7 Re8 30. Ng5 1-0

[Event "It"]
[Site "Salona"]
[Date "1997.11.13"]
[Round "7"]
[White "Cvorovic, Drazen"]
[Black "Kurajica, Bojan"]
[Result "1-0"]
[WhiteElo "2425"]
[BlackElo "2545"]
[PlyCount "65"]
[EventDate "1997.11.??"]

1. e4 c5 2. Nf3 Nc6 3. Bb5 e6 4. Bxc6 bxc6 5. O-O f6 6. d3 Ne7 7. c4 e5 8. Nh4
d6 9. Qf3 h5 10. h3 Be6 11. Nc3 Qd7 12. a3 Rh7 13. Qd1 g5 14. Nf3 Ng6 15. Nh2
g4 16. g3 gxh3 17. b4 Rb8 18. Be3 Be7 19. Qe2 h4 20. g4 Bd8 21. bxc5 dxc5 22.
Rfb1 Rxb1+ 23. Rxb1 Nf4 24. Bxf4 exf4 25. Kh1 Qd4 26. Nd5 Qe5 27. Nf3 Bxg4 28.
Nxe5 Bxe2 29. Nxc6 Rg7 30. Rb8 Bf3+ 31. Kh2 Rg2+ 32. Kxh3 Rg1 33. Nxf6+ 1-0

[Event "It"]
[Site "Salona"]
[Date "1997.11.13"]
[Round "7"]
[White "Kovacevic, Vlatko"]
[Black "Dizdarevic, Emir"]
[Result "1/2-1/2"]
[WhiteElo "2475"]
[BlackElo "2555"]
[PlyCount "32"]
[EventDate "1997.11.??"]

1. c4 c6 2. Nf3 d5 3. e3 Nf6 4. Nc3 e6 5. b3 Bd6 6. Bb2 O-O 7. d4 Nbd7 8. Be2
b6 9. O-O Bb7 10. Rc1 Ne4 11. cxd5 Nxc3 12. Rxc3 cxd5 13. Qb1 Rc8 14. Rxc8 Qxc8
15. Rc1 Qb8 16. h3 Rc8 1/2-1/2